000 00620 a2200181 4500
020 _a8177582402
082 _a621.3822
090 _c7431
_d7431
100 _aPhillips, Charless
110 _aParr, John M., Riskin, Eve A.
245 _aSignals, Systems and Transforms
_cPhillips, Charles
250 _a3rd ed.
260 _aNew Delhi (India)
_bPearson Education
_c2003
300 _axx, 765 p. ;
_bill. ;
_c25 cm.
500 _aIncludes bibliographical references and index.
650 _a1. Signal processing--mathematical models. 2. Transformations (Mathematics). 3. System analysis.
942 _cBK
_k621.3822 PHI
999 _c11234
_d11234